Kashmiriyat : (Record no. 1117)

MARC details
000 -LEADER
fixed length control field 00792nam a2200193 4500
001 - CONTROL NUMBER
control field 1501
005 - DATE AND TIME OF LATEST TRANSACTION
control field 20181127163420.0
020 00 - INTERNATIONAL STANDARD BOOK NUMBER
International Standard Book Number 9788190313629
090 00 - LOCALLY ASSIGNED LC-TYPE CALL NUMBER (OCLC); LOCAL CALL NUMBER (RLIN)
Classification number (OCLC) (R) ; Classification number, CALL (RLIN) (NR) 954.6 S61735k 2009
100 00 - MAIN ENTRY--PERSONAL NAME
Personal name Singh, Madanjeet.
245 00 - TITLE STATEMENT
Title Kashmiriyat :
Remainder of title the pluralist Sufi-bhakti-rishi culture /
Statement of responsibility, etc. Madanjeet Singh.
Medium
260 00 - PUBLICATION, DISTRIBUTION, ETC.
Place of publication, distribution, etc. New Delhi :
Name of publisher, distributor, etc. Skyline Publications,
Date of publication, distribution, etc. 2009.
300 00 - PHYSICAL DESCRIPTION
Extent 144 p. : ill. (chiefly col.) ; 21 x 25 cm.
500 ## - GENERAL NOTE
General note "Dedicated to the young people of South Asia."
General note "South Asia Foundation, in cooperation with United Nations Educational, Scientific, and Cultural Organization".
650 00 - SUBJECT ADDED ENTRY--TOPICAL TERM
Topical term or geographic name entry element Cultural pluralism --India --Jammu and Kashmir.
General subdivision
Topical term or geographic name entry element Jammu and Kashmir (India) --Civilization.
General subdivision
Topical term or geographic name entry element Popular culture --India --Jammu and Kashmir.
General subdivision
Holdings
Withdrawn status Lost status Source of classification or shelving scheme Damaged status Not for loan Collection code Home library Current library Shelving location Serial Enumeration / chronology Inventory number Total Checkouts Full call number Barcode Date last seen Copy number Price effective from Koha item type
    Dewey Decimal Classification     Main TEST RTC Library RTC Library Main opac 2600   954.6 SIN 30001393 27/11/2018 2 27/11/2018 Main
    Dewey Decimal Classification     Main TEST RTC Library RTC Library Main opac 684   954.6 SIN 30001416 27/11/2018 1 27/11/2018 Main
    Dewey Decimal Classification     Main TEST RTC Library RTC Library Main opac 706   954.6 SIN 30001391 27/11/2018 3 27/11/2018 Main
    Dewey Decimal Classification     Main TEST RTC Library RTC Library Main opac 704   954.6 SIN 30001411 27/11/2018 4 27/11/2018 Main
    Dewey Decimal Classification     Main TEST RTC Library RTC Library Main opac 699   954.6 SIN 30001387 27/11/2018 5 27/11/2018 Main
    Dewey Decimal Classification     Main TEST RTC Library RTC Library Main opac 9949   954.6 SIN 30010206 27/11/2018 6 27/11/2018 Main
    Dewey Decimal Classification     Main TEST RTC Library RTC Library Main opac 9950   954.6 SIN 30010124 27/11/2018 7 27/11/2018 Main
    Dewey Decimal Classification     Main TEST RTC Library RTC Library Main opac 9951   954.6 SIN 30010155 27/11/2018 8 27/11/2018 Main
Royal Thimphu College || All Right Reserved